000 03516nam0a22005651 4500
001 RU\NLR\A1\20617
005 20260607072932.0
035 _a(NLR Aleph) 009676074
090 _a13474782
_c13474782
100 _a19990712d1791 m y0rusy50 ca
101 0 _arus
102 _aRU
135 _acrcn 024anaba
140 _ay y mayaa0000
200 1 _aСлово на высокоторжественный день возшествия на престол великия государыни императрицы Екатерины Алексеевны самодержицы всероссийския 1791 года
210 _aНапечатано по высочайшему ея величества повелению в Санктпетербурге
_cв типографии Святейшаго синода
_d[1791]
215 _a[2], 9, [1] с.
_d
314 _aВ конце текста: Говорено в Петергофе, в присутствии ея императорскаго величества и их императорских высочеств, синодальным членом преосвященным Тихоном епископом Тверским и Кашинским
316 _aЭкз. РНБ (18.94.4.526) в бумаж. обл. На 1-й с. обл. ярлык с шифром РНБ. На 2-й с. обл. пустой ярлык. На тит. л. и с.9 круглый штамп ГПБ. Размер: 20,3х16,3х0,2 см
_5NLR: 18.94.4.526
321 1 _aСК XVIII 7231
325 _aКопия доступна в Электрон. б-ке РНБ
518 1 _aСлово на высокоторжественный день восшествия на престол великой государыни императрицы Екатерины Алексеевны самодержицы всероссийской 1791 года
620 _dСанкт-Петербург
700 0 _aТихон
_cСтупишин-Малинин, Тимофей Стефанович
_f1745-1793
702 0 _4420
_4400
_7ca
_8rus
_aЕкатерина
_cимператрица российская
_dII
_f1729-1796
_9112115
_3RU\NLR\AUTH\772098
702 1 _4390
_8rus
_7ca
_aДержавин
_bГ. Р.
_f1743-1816
_gГаврила Романович
_3RU\NLR\AUTH\773473
_9113469
712 0 2 _4610
_aПетербургская синодальная типография
_9375089
_3RU\NLR\AUTH\889940130
801 0 _aRU
_bNLR
_c19990712
852 _aNLR
_j18.94.4.526
852 _aNLR
_j138/2425
852 _aNLR
_bОР
_jФ.247 (Державин Г.Р.). Т.27. 51
856 0 _uhttps://vivaldi.nlr.ru/bx000024897/view
856 1 _uhttps://vivaldi.nlr.ru/bx000024897/cover
856 2 _uhttps://vivaldi.nlr.ru/bx000024897/text
899 _aРГБ
899 _aНБ Эрм.
899 _aБАН
899 _aГПИБ
942 _cBOOK
980 3 _akpcivil
980 3 _akp2021
980 3 _akp
980 _aA1XVIIIv
980 _aNB
981 2 2 _a(22) Материалы по истории России
_b(22) Российский императорский дом
981 2 0 _a(20) Книжные памятники РНБ
_b(20) Русский книжный фонд